000 00457nam a2200193Ia 4500
005 20250425160852.0
008 250425s9999 xx 000 0 und d
020 _a0871700786
041 _aeng
082 _a620.16
110 _aAMERICAN SOCIETY FOR METALS
245 0 _aCASE HISTORIES IN FAILURE ANALYSIS
250 _a1ST ED.
260 _aEstados Unidos
_bASME
_c1979
260 _aOHIO CITY
300 _a427
942 _c01
010 _a7257
999 _c197855
_d197855